Score 0/39 Timer 04:00
0 Plays Today
Hint Word % Correct
⚓ Most important chess piece ⚓KING
98.1%
Chain partLINK
92.7%
Taste ice creamLICK
91.9%
⚓ Hat location ⚓HEAD
88.9%
To make warm or hot HEAT
88.7%
Sharp twist or curve KINK
88.6%
Animal fat for cookingLARD
88.1%
⚓ Difficult or firm ⚓HARD
88%
Loud lion callROAR
87.9%
Cattle collectiveHERD
87.2%
⚓ National banner ⚓FLAG
86.9%
Apartment in UKFLAT
86.9%
Female horseMARE
85.2%
AccomplishmentFEAT
84.5%
⚓ Little twinkler ⚓STAR
84.3%
⚓ Urban area smaller than a city ⚓TOWN
84.2%
Part of the face below mouth CHIN
83.9%
Round metal currencyCOIN
83.5%
Of greater quantityMORE
82.9%
Glide on air currentsSOAR
82.5%
Hint Word % Correct
Front of the leg below kneeSHIN
82%
To have cut the lawnMOWN
81.9%
⚓ Well-mannered woman ⚓LADY
81.3%
Low sound of sufferingMOAN
81.2%
⚓ One with authority over others ⚓LORD
80.4%
Male deerSTAG
79.9%
Charlie's Angels' CherylLADD
77.7%
Smelting wasteSLAG
77.4%
Hide of red and white mixROAN
76.6%
Body of tradition and knowledge LORE
75.7%
Be in wantLACK
75.5%
Of fine, open fabricLACY
71.5%
Animated movie (abbrev.)TOON
71%
Masked mammal (abbrev.)COON
71%
⚓ 0.9144 meter ⚓YARD
70%
⚓ Spouse ⚓MATE
67.8%
Easily manageable (nautical)YARE
62%
Tiny particleMOTE
61.9%
⚓⚓ COMMON BOND ⚓⚓SHIP
39.7%

Today's Daily Dose

Missing Word
Marvin Gaye Songs

Quick Pick
Movies of 2019

Get the Picture
Chinese Cities

You're not logged in!

Compare scores with friends on all Sporcle quizzes.
OR
Log In

Sporcle TV

Today on Sporcle TV


Watch our educational content, quiz creation guides, and fun videos on Sporcle TV.

Show Comments

Extras

Top Quizzes Today


Score Distribution

Your Account Isn't Verified!

In order to create a playlist on Sporcle, you need to verify the email address you used during registration. Go to your Sporcle Settings to finish the process.

Report this User

Report this user for behavior that violates our Community Guidelines.

Details: